Environmental engineering (Record no. 5357)

000 -LEADER
fixed length control field 00678nam a2200241 4500
001 - CONTROL NUMBER
control field 5357
003 - CONTROL NUMBER IDENTIFIER
control field BD-DhUET
008 - FIXED-LENGTH DATA ELEMENTS--GENERAL INFORMATION
fixed length control field 141126b xxu||||| |||| 00| 0 eng d
020 ## - INTERNATIONAL STANDARD BOOK NUMBER
International Standard Book Number 0071002316
040 ## - CATALOGING SOURCE
Transcribing agency 0
Modifying agency BD-DhUET
082 ## - DEWEY DECIMAL CLASSIFICATION NUMBER
Classification number 628
Item number PEA/1985
100 ## - MAIN ENTRY--PERSONAL NAME
Personal name Peavy, Howard S
245 ## - TITLE STATEMENT
Title Environmental engineering
250 ## - EDITION STATEMENT
Edition statement 1st ed.
260 ## - PUBLICATION, DISTRIBUTION, ETC. (IMPRINT)
Place of publication, distribution, etc. New york
Name of publisher, distributor, etc. McGraw-Hill
Date of publication, distribution, etc. 1985
300 ## - PHYSICAL DESCRIPTION
Extent xiv,699 p.+various paging
Other physical details ill.
490 ## - SERIES STATEMENT
Series statement McGraw-Hill series in water resources and environmental engineering
504 ## - BIBLIOGRAPHY, ETC. NOTE
Bibliography, etc Includes bibliographies
650 #0 - SUBJECT ADDED ENTRY--TOPICAL TERM
Topical term or geographic name as entry element Environmental engineering
700 ## - ADDED ENTRY--PERSONAL NAME
Personal name Rowe, Donald R.
700 ## - ADDED ENTRY--PERSONAL NAME
Personal name Tchobanoglous, George
942 ## - ADDED ENTRY ELEMENTS (KOHA)
Koha item type General Book
Holdings
Koha date last borrowed Koha issues (times borrowed) Sublocation or collection (holding branch) Not for loan Damaged status Lost status Location (home branch) Koha renewals Withdrawn status Koha full call number Price effective from Date acquired Koha date last seen Shelving location Koha normalized classification for sorting Piece designation (barcode) Copy number Source of classification or shelving scheme Koha item type
2023-12-109Central Library, BUET   Central Library, BUET  628/PEA/19852014-11-262014-11-262024-09-08Circulation section628PEA1985818961 General Book
2024-03-1610Central Library, BUET   Central Library, BUET  628/PEA/19852014-11-262014-11-262024-06-02Circulation section628PEA1985818952 General Book
  Central Library, BUET   Central Library, BUET  628/PEA/19852015-06-182015-06-182015-06-18Reading section628_000000000000000_PEA_1985887883 Reading Item
  Central Library, BUET   Central Library, BUET  628/PEA/19852015-06-182015-06-182015-06-18Reading section628_000000000000000_PEA_1985875794 Reading Item
2020-03-162Central Library, BUET   Central Library, BUET  628/PEA/19852017-10-311991-10-282021-11-13Circulation section628_000000000000000_PEA_1985818945 General Book
  Central Library, BUET   Central Library, BUET  628 PEA/19852024-12-011991-10-282024-12-01Rental section628_000000000000000_PEA_198581847ক-৫১ Rental Item
  Central Library, BUET   Central Library, BUET  628 PEA/19852024-12-011991-10-282024-12-01Rental section628_000000000000000_PEA_198581874ক-৭৮ Rental Item
  Central Library, BUET   Central Library, BUET  628 PEA/19852024-12-011991-10-282024-12-01Rental section628_000000000000000_PEA_198581875ক-৭৯ Rental Item
  Central Library, BUET   Central Library, BUET  628 PEA/19852024-12-011991-10-282024-12-01Rental section628_000000000000000_PEA_198581876ক-৮০ Rental Item
  Central Library, BUET   Central Library, BUET  628 PEA/19852024-12-011991-10-282024-12-01Rental section628_000000000000000_PEA_198581877ক-৮১ Rental Item
  Central Library, BUET   Central Library, BUET  628 PEA/19852024-12-011991-10-282024-12-01Rental section628_000000000000000_PEA_198581878ক-৮২ Rental Item
  Central Library, BUET   Central Library, BUET  628 PEA/19852024-12-011991-10-282024-12-01Rental section628_000000000000000_PEA_198581879ক-৮৩ Rental Item
  Central Library, BUET   Central Library, BUET  628 PEA/19852024-12-011991-10-282024-12-01Rental section628_000000000000000_PEA_198581880ক-৮৪ Rental Item
  Central Library, BUET   Central Library, BUET  628 PEA/19852024-12-011991-10-282024-12-01Rental section628_000000000000000_PEA_198581881ক-৮৫ Rental Item
  Central Library, BUET   Central Library, BUET  628 PEA/19852024-12-011991-10-282024-12-01Rental section628_000000000000000_PEA_198581882ক-৮৬ Rental Item
  Central Library, BUET   Central Library, BUET  628 PEA/19852024-12-011991-10-282024-12-01Rental section628_000000000000000_PEA_198581883ক-৮৭ Rental Item
  Central Library, BUET   Central Library, BUET  628 PEA/19852024-12-011991-10-282024-12-01Rental section628_000000000000000_PEA_198581884ক-৮৭ Rental Item